Loading...
| Current Events | 1 | 20.00 | 100% | 100% | 0% |
| Fine Arts - Classical Music | 7 | 14.29 | 100% | 43% | 0% |
| Fine Arts - Other | 6 | 16.67 | 100% | 33% | 33% |
| Fine Arts - Painting and Sculpture | 7 | 15.71 | 100% | 57% | 0% |
| Geography | 2 | 5.00 | 50% | 0% | 0% |
| History - American | 11 | 16.36 | 91% | 46% | 27% |
| History - European | 7 | 11.43 | 100% | 14% | 0% |
| History - Other | 5 | 14.00 | 80% | 40% | 20% |
| History - World | 5 | 14.00 | 100% | 40% | 0% |
| Literature - American | 5 | 16.00 | 100% | 60% | 0% |
| Literature - British | 5 | 14.00 | 100% | 40% | 0% |
| Literature - European | 8 | 17.50 | 100% | 63% | 13% |
| Literature - World | 6 | 13.33 | 100% | 33% | 0% |
| Mythology | 4 | 12.50 | 100% | 0% | 25% |
| Other Academic | 2 | 15.00 | 50% | 50% | 50% |
| Philosophy | 5 | 14.00 | 100% | 40% | 0% |
| Pop Culture | 1 | 30.00 | 100% | 100% | 100% |
| Religion | 4 | 10.00 | 75% | 25% | 0% |
| Science - Biology | 5 | 20.00 | 100% | 40% | 60% |
| Science - Chemistry | 7 | 17.14 | 100% | 43% | 29% |
| Science - Other | 7 | 15.71 | 100% | 57% | 0% |
| Science - Physics | 5 | 12.00 | 80% | 40% | 0% |
| Social Science | 7 | 10.00 | 100% | 0% | 0% |